Localiza municipios: merindad de Sangüesa - Estadísticas

Estadísticas generales
  • Esta prueba ha sido intentada 27 veces
  • La puntuación promedio es 37 de 65
Respuestas en el mapa
Las respuestas están codificadas por una escala verde-roja en el mapa de la prueba según el % correcto abajo.
 
Estadísticas de respuestas
Respuesta % Correcto
Burlada / Burlata
86%
Castillo-Nuevo / Gazteluberri
86%
Egués / Eguesibar
86%
Garde
86%
Huarte / Uharte
86%
Isaba / Izaba
86%
Jaurrieta
86%
Lumbier / Irunberri
86%
Ochagavía / Otsagabia
86%
Petilla de Aragón
86%
Urraúl Alto / Urraulgoiti
86%
Uztárroz / Uztarroze
86%
Valcarlos / Luzaide
86%
Aoiz / Agoitz
71%
Aranguren
71%
Burgui / Burgi
71%
Cáseda
71%
Izalzu / Itzaltzu
71%
Javier / Xabier
71%
Roncal / Erronkari
71%
Roncesvalles / Orreaga
71%
Unciti
71%
Urraúl Bajo / Urraulbeiti
71%
Urzainqui / Urzainki
71%
Vidángoz / Bidankoze
71%
Yesa
71%
Abaurrea Baja / Abaurrepea
57%
Aibar / Oibar
57%
Arce / Artzi
57%
Aria
57%
Burguete / Auritz
57%
Erro
57%
Esteribar
57%
Gallués / Galoze
57%
Garaioa
57%
Lónguida / Longida
57%
Navascués / Nabaskoze
57%
Orbaizeta
57%
Oroz-Betelu / Orotz-Betelu
57%
Sanguesa / Zangoza
57%
Tiebas-Muruarte de Reta
57%
Valle de Elorz / Elortzibar
57%
Aribe
43%
Esparza de Salazar / Esparza Zaraitu
43%
Ezcaroz / Ezkaroze
43%
Gallipienzo / Galipentzu
43%
Garralda
43%
Ibargoiti
43%
Izagaondoa
43%
Monreal / Elo
43%
Oronz / Orontze
43%
Romanzado / Erromantzatua
43%
Villanueva de Aezkoa / Hiriberri
43%
Abaurrea Alta / Abaurregaina
29%
Ezprogui
29%
Guesa / Gesa
29%
Lerga
29%
Liédena
29%
Lizoáin / Lizoain-Arriasgoiti
29%
Orbara
29%
Sada
29%
Urroz-Villa
29%
Eslava
14%
Leache / Leatxe
14%
Sarriés / Sartze
14%
No se encontraron pruebas coincidentes
Distribución de puntuación
Porcentaje de gente con cada puntuación
Porcentaje por número respondido
Historial de tus puntuaciones
No has intentado esta prueba.